[Event "The Irish Championship 2020"]
[Site "Colaiste Eanna, Dublin, Ireland"]
[Date "2020.08.06"]
[Round "6"]
[Board "12"]
[White "O'Gorman, Alice"]
[Black "Jackson, Carl"]
[Result "1-0"]
[WhiteElo "1904"]
[BlackElo "2021"]
[PlyCount "0"]
[EventDate "2020.08.01"]
[EventRounds "9"]
[EventCountry "IRL"]

1. e4 {[%clk 02:16:07]} {[%emt 00:00:02]} b6 {[%clk 02:15:19]} {[%emt
00:00:52]} 2. d4 {[%clk 02:16:27]} {[%emt 00:00:15]} Bb7 {[%clk 02:15:50]}
{[%emt 00:00:04]} 3. Nc3 {[%clk 02:16:41]} {[%emt 00:00:21]} e6 {[%clk
02:16:20]} {[%emt 00:00:06]} 4. Nf3 {[%clk 02:15:07]} {[%emt 00:02:08]} Bb4
{[%clk 02:14:43]} {[%emt 00:02:12]} 5. Bd3 {[%clk 02:13:39]} {[%emt 00:02:04]}
Nf6 {[%clk 02:14:55]} {[%emt 00:00:23]} 6. Qe2 {[%clk 02:12:10]} {[%emt
00:02:03]} d5 {[%clk 02:14:29]} {[%emt 00:01:21]} 7. e5 {[%clk 02:03:07]}
{[%emt 00:09:18]} Ne4 {[%clk 02:12:20]} {[%emt 00:02:43]} 8. Bd2 {[%clk
02:02:31]} {[%emt 00:01:12]} Nxd2 {[%clk 02:12:41]} {[%emt 00:00:14]} 9. Nxd2
{[%clk 02:00:33]} {[%emt 00:02:33]} c5 {[%clk 02:09:23]} {[%emt 00:03:53]} 10.
Qg4 {[%clk 01:54:47]} {[%emt 00:06:21]} Bxc3 {[%clk 01:55:53]} {[%emt
00:14:05]} 11. bxc3 {[%clk 01:55:04]} {[%emt 00:00:18]} g6 {[%clk 01:53:46]}
{[%emt 00:02:43]} 12. h4 {[%clk 01:48:21]} {[%emt 00:07:18]} h5 {[%clk
01:48:12]} {[%emt 00:06:08]} 13. Qf4 {[%clk 01:45:50]} {[%emt 00:03:06]} Ba6
{[%clk 01:41:40]} {[%emt 00:07:07]} 14. Nf3 {[%clk 01:42:03]} {[%emt 00:04:21]}
Bxd3 {[%clk 01:35:36]} {[%emt 00:06:40]} 15. cxd3 {[%clk 01:42:30]} {[%emt
00:00:08]} Nc6 {[%clk 01:31:36]} {[%emt 00:04:35]} 16. Ng5 {[%clk 01:40:00]}
{[%emt 00:03:04]} Qe7 {[%clk 01:30:33]} {[%emt 00:01:38]} 17. O-O {[%clk
01:39:12]} {[%emt 00:01:23]} cxd4 {[%clk 01:28:24]} {[%emt 00:02:44]} 18. cxd4
{[%clk 01:39:27]} {[%emt 00:00:19]} O-O {[%clk 01:27:58]} {[%emt 00:01:01]} 19.
Nf3 {[%clk 01:37:42]} {[%emt 00:02:20]} Kg7 {[%clk 01:18:05]} {[%emt 00:10:28]}
20. a3 {[%clk 01:35:21]} {[%emt 00:02:55]} f6 {[%clk 01:09:53]} {[%emt
00:08:47]} 21. exf6+ {[%clk 01:27:21]} {[%emt 00:08:36]} Rxf6 {[%clk 01:07:25]}
{[%emt 00:03:03]} 22. Qg3 {[%clk 01:27:09]} {[%emt 00:00:46]} Rc8 {[%clk
00:28:10]} {[%emt 00:39:50]} 23. Rfc1 {[%clk 01:25:39]} {[%emt 00:02:05]} Qe8
{[%clk 00:27:52]} {[%emt 00:00:54]} 24. Rc2 {[%clk 01:23:46]} {[%emt 00:02:27]}
Ne7 {[%clk 00:22:16]} {[%emt 00:06:11]} 25. Rac1 {[%clk 01:21:27]} {[%emt
00:02:54]} Rxc2 {[%clk 00:17:48]} {[%emt 00:05:04]} 26. Rxc2 {[%clk 01:21:57]}
{[%emt 00:00:05]} Kg8 {[%clk 00:17:53]} {[%emt 00:00:30]} 27. Qe5 {[%clk
01:16:16]} {[%emt 00:06:16]} Qf8 {[%clk 00:14:10]} {[%emt 00:04:18]} 28. Ng5
{[%clk 01:10:05]} {[%emt 00:06:46]} Nf5 {[%clk 00:13:41]} {[%emt 00:01:04]} 29.
Nxe6 {[%clk 01:07:33]} {[%emt 00:03:07]} Qe7 {[%clk 00:13:34]} {[%emt
00:00:42]} 30. Rc8+ {[%clk 01:07:17]} {[%emt 00:00:50]} Kh7 {[%clk 00:13:52]}
{[%emt 00:00:18]} 31. Ng5+ {[%clk 01:05:17]} {[%emt 00:02:35]} Kh6 {[%clk
00:14:20]} {[%emt 00:00:08]} 32. Rh8+ {[%clk 01:05:41]} {[%emt 00:00:11]} Kg7
{[%clk 00:14:52]} {[%emt 00:00:04]} 33. Rh7+ {[%clk 01:06:05]} {[%emt
00:00:10]}  1-0

[Event "The Irish Championship 2020"]
[Site "Colaiste Eanna, Dublin, Ireland"]
[Date "2020.08.06"]
[Round "6"]
[Board "13"]
[White "O'Connell, Gerard"]
[Black "Carroll, Peter"]
[Result "1-0"]
[WhiteElo "2075"]
[BlackElo "2009"]
[PlyCount "0"]
[EventDate "2020.08.01"]
[EventRounds "9"]
[EventCountry "IRL"]

1. d4 {[%clk 02:16:06]} {[%emt 00:00:03]} Nf6 {[%clk 02:16:06]} {[%emt
00:00:07]} 2. c4 {[%clk 02:16:35]} {[%emt 00:00:05]} e6 {[%clk 02:16:37]}
{[%emt 00:00:04]} 3. Nc3 {[%clk 02:17:00]} {[%emt 00:00:10]} Bb4 {[%clk
02:17:03]} {[%emt 00:00:07]} 4. e3 {[%clk 02:17:23]} {[%emt 00:00:16]} O-O
{[%clk 02:17:31]} {[%emt 00:00:05]} 5. Bd3 {[%clk 02:17:53]} {[%emt 00:00:06]}
b6 {[%clk 02:18:00]} {[%emt 00:00:06]} 6. Nf3 {[%clk 02:18:18]} {[%emt
00:00:09]} Bb7 {[%clk 02:18:29]} {[%emt 00:00:05]} 7. O-O {[%clk 02:18:44]}
{[%emt 00:00:11]} Bxc3 {[%clk 02:18:58]} {[%emt 00:00:05]} 8. bxc3 {[%clk
02:19:14]} {[%emt 00:00:05]} Ne4 {[%clk 02:19:27]} {[%emt 00:00:05]} 9. Nd2
{[%clk 02:17:10]} {[%emt 00:02:40]} f5 {[%clk 02:19:54]} {[%emt 00:00:07]} 10.
f3 {[%clk 02:16:46]} {[%emt 00:01:00]} Nxd2 {[%clk 02:20:05]} {[%emt 00:00:24]}
11. Bxd2 {[%clk 02:14:05]} {[%emt 00:03:17]} Nc6 {[%clk 02:20:13]} {[%emt
00:00:27]} 12. e4 {[%clk 02:03:13]} {[%emt 00:11:26]} fxe4 {[%clk 02:20:25]}
{[%emt 00:00:23]} 13. fxe4 {[%clk 02:03:22]} {[%emt 00:00:26]} e5 {[%clk
02:20:30]} {[%emt 00:00:30]} 14. Qh5 {[%clk 02:01:47]} {[%emt 00:02:11]} Qe7
{[%clk 02:17:14]} {[%emt 00:03:51]} 15. Bg5 {[%clk 01:55:39]} {[%emt 00:06:43]}
Qd6 {[%clk 02:12:19]} {[%emt 00:05:29]} 16. c5 {[%clk 01:53:21]} {[%emt
00:02:54]} bxc5 {[%clk 02:05:58]} {[%emt 00:06:56]} 17. Bc4+ {[%clk 01:50:27]}
{[%emt 00:03:30]} Kh8 {[%clk 02:06:24]} {[%emt 00:00:09]} 18. Bf7 {[%clk
01:49:20]} {[%emt 00:01:41]} cxd4 {[%clk 01:54:45]} {[%emt 00:12:14]} 19. Rf3
{[%clk 01:49:07]} {[%emt 00:00:48]} Ne7 {[%clk 01:52:39]} {[%emt 00:02:42]} 20.
Bxe7 {[%clk 01:48:30]} {[%emt 00:01:12]} Qxe7 {[%clk 01:48:35]} {[%emt
00:04:39]} 21. Qxh7+ {[%clk 01:48:58]} {[%emt 00:00:07]} Kxh7 {[%clk 01:49:08]}
{[%emt 00:00:03]} 22. Rh3+ {[%clk 01:49:25]} {[%emt 00:00:08]}  1-0

[Event "The Irish Championship 2020"]
[Site "Colaiste Eanna, Dublin, Ireland"]
[Date "2020.08.06"]
[Round "6"]
[Board "14"]
[White "Byrne, Alex"]
[Black "Mirza, Diana"]
[Result "0-1"]
[WhiteElo "1976"]
[BlackElo "1939"]
[PlyCount "0"]
[EventDate "2020.08.01"]
[EventRounds "9"]
[EventCountry "IRL"]

1. e4 {[%clk 02:15:24]} {[%emt 00:00:47]} c5 {[%clk 02:16:04]} {[%emt
00:00:05]} 2. a3 {[%clk 02:15:50]} {[%emt 00:00:09]} Nc6 {[%clk 02:16:33]}
{[%emt 00:00:07]} 3. b4 {[%clk 02:16:22]} {[%emt 00:00:02]} e5 {[%clk
02:16:53]} {[%emt 00:00:15]} 4. b5 {[%clk 02:15:07]} {[%emt 00:01:51]} Nd4
{[%clk 02:17:13]} {[%emt 00:00:15]} 5. c3 {[%clk 02:11:20]} {[%emt 00:04:23]}
Ne6 {[%clk 02:17:36]} {[%emt 00:00:11]} 6. Nf3 {[%clk 02:10:12]} {[%emt
00:01:42]} Nf6 {[%clk 02:12:42]} {[%emt 00:05:29]} 7. Qc2 {[%clk 02:08:35]}
{[%emt 00:02:12]} d5 {[%clk 02:05:19]} {[%emt 00:07:58]} 8. d3 {[%clk
02:08:27]} {[%emt 00:00:43]} Bd6 {[%clk 02:04:15]} {[%emt 00:01:39]} 9. g3
{[%clk 02:05:16]} {[%emt 00:03:46]} Bd7 {[%clk 01:52:45]} {[%emt 00:12:06]} 10.
exd5 {[%clk 02:04:28]} {[%emt 00:01:23]} Nxd5 {[%clk 01:52:52]} {[%emt
00:00:28]} 11. Bg2 {[%clk 02:04:12]} {[%emt 00:00:50]} O-O {[%clk 01:44:39]}
{[%emt 00:08:47]} 12. O-O {[%clk 02:03:38]} {[%emt 00:01:10]} Ne7 {[%clk
01:36:22]} {[%emt 00:08:52]} 13. a4 {[%clk 01:59:29]} {[%emt 00:04:44]} a6
{[%clk 01:36:31]} {[%emt 00:00:25]} 14. bxa6 {[%clk 01:59:30]} {[%emt
00:00:34]} Rxa6 {[%clk 01:36:39]} {[%emt 00:00:27]} 15. Nbd2 {[%clk 01:58:20]}
{[%emt 00:01:45]} b5 {[%clk 01:29:09]} {[%emt 00:08:05]} 16. Ne4 {[%clk
01:54:41]} {[%emt 00:04:14]} Qc7 {[%clk 01:29:17]} {[%emt 00:00:26]} 17. Re1
{[%clk 01:51:03]} {[%emt 00:04:13]} f6 {[%clk 01:27:47]} {[%emt 00:02:05]} 18.
Nxd6 {[%clk 01:47:40]} {[%emt 00:03:58]} Qxd6 {[%clk 01:27:51]} {[%emt
00:00:31]} 19. d4 {[%clk 01:47:56]} {[%emt 00:00:19]} exd4 {[%clk 01:13:56]}
{[%emt 00:14:29]} 20. cxd4 {[%clk 01:48:00]} {[%emt 00:00:32]} cxd4 {[%clk
01:13:33]} {[%emt 00:00:58]} 21. Qd3 {[%clk 01:29:35]} {[%emt 00:19:00]} b4
{[%clk 01:09:02]} {[%emt 00:05:06]} 22. Bd2 {[%clk 01:21:42]} {[%emt 00:08:28]}
Ra5 {[%clk 00:55:16]} {[%emt 00:14:21]} 23. Qb3 {[%clk 01:07:09]} {[%emt
00:15:08]} Nd5 {[%clk 00:52:33]} {[%emt 00:03:18]} 24. Nh4 {[%clk 00:49:29]}
{[%emt 00:18:15]} Nc3 {[%clk 00:46:56]} {[%emt 00:06:12]} 25. Bh3 {[%clk
00:38:38]} {[%emt 00:11:25]} Re8 {[%clk 00:37:08]} {[%emt 00:10:22]} 26. Nf5
{[%clk 00:35:36]} {[%emt 00:03:38]} Qd5 {[%clk 00:32:00]} {[%emt 00:05:43]} 27.
Qxb4 {[%clk 00:34:11]} {[%emt 00:02:00]} Bc6 {[%clk 00:31:52]} {[%emt
00:00:43]} 28. f3 {[%clk 00:28:14]} {[%emt 00:06:32]} Qxf3 {[%clk 00:27:37]}
{[%emt 00:04:49]} 29. Bxc3 {[%clk 00:23:47]} {[%emt 00:05:03]} Qh1+ {[%clk
00:26:00]} {[%emt 00:02:10]} 30. Kf2 {[%clk 00:24:16]} {[%emt 00:00:07]} Qxh2+
{[%clk 00:26:28]} {[%emt 00:00:07]} 31. Kf1 {[%clk 00:24:49]} {[%emt 00:00:03]}
Rxf5+ {[%clk 00:26:53]} {[%emt 00:00:09]}  0-1

[Event "The Irish Championship 2020"]
[Site "Colaiste Eanna, Dublin, Ireland"]
[Date "2020.08.06"]
[Round "6"]
[Board "15"]
[White "Putar, Lara"]
[Black "Melaugh, Shane"]
[Result "0-1"]
[WhiteElo "1834"]
[BlackElo "2161"]
[PlyCount "0"]
[EventDate "2020.08.01"]
[EventRounds "9"]
[EventCountry "IRL"]

1. d4 {[%clk 02:16:07]} {[%emt 00:00:02]} e6 {[%clk 02:10:16]} {[%emt
00:05:55]} 2. c4 {[%clk 02:16:33]} {[%emt 00:00:09]} f5 {[%clk 02:10:44]}
{[%emt 00:00:07]} 3. Nf3 {[%clk 02:17:03]} {[%emt 00:00:04]} Nf6 {[%clk
02:11:14]} {[%emt 00:00:05]} 4. g3 {[%clk 02:17:32]} {[%emt 00:00:06]} Be7
{[%clk 02:11:45]} {[%emt 00:00:06]} 5. Bg2 {[%clk 02:18:01]} {[%emt 00:00:04]}
O-O {[%clk 02:12:14]} {[%emt 00:00:06]} 6. O-O {[%clk 02:18:31]} {[%emt
00:00:05]} d6 {[%clk 02:12:47]} {[%emt 00:00:02]} 7. Nc3 {[%clk 02:18:55]}
{[%emt 00:00:12]} Ne4 {[%clk 02:13:17]} {[%emt 00:00:06]} 8. Qc2 {[%clk
02:19:25]} {[%emt 00:00:03]} Nxc3 {[%clk 02:13:47]} {[%emt 00:00:05]} 9. Qxc3
{[%clk 02:19:56]} {[%emt 00:00:06]} Bf6 {[%clk 02:14:19]} {[%emt 00:00:02]} 10.
b4 {[%clk 02:20:17]} {[%emt 00:00:14]} Nd7 {[%clk 02:12:19]} {[%emt 00:02:34]}
11. Bb2 {[%clk 02:16:49]} {[%emt 00:04:03]} c5 {[%clk 02:07:33]} {[%emt
00:05:22]} 12. bxc5 {[%clk 02:16:46]} {[%emt 00:00:38]} Nxc5 {[%clk 02:05:16]}
{[%emt 00:02:51]} 13. Qc2 {[%clk 02:09:32]} {[%emt 00:07:50]} Ne4 {[%clk
01:59:57]} {[%emt 00:05:53]} 14. Rfd1 {[%clk 02:07:04]} {[%emt 00:03:02]} Bd7
{[%clk 01:56:36]} {[%emt 00:03:57]} 15. Rac1 {[%clk 02:02:23]} {[%emt
00:05:16]} Qa5 {[%clk 01:52:02]} {[%emt 00:05:10]} 16. Nd2 {[%clk 01:54:58]}
{[%emt 00:07:59]} Nxd2 {[%clk 01:47:47]} {[%emt 00:04:49]} 17. Rxd2 {[%clk
01:50:06]} {[%emt 00:05:28]} Rac8 {[%clk 01:47:01]} {[%emt 00:01:22]} 18. e4
{[%clk 01:34:25]} {[%emt 00:16:15]} Rxc4 {[%clk 01:46:09]} {[%emt 00:01:28]} 19.
Qxc4 {[%clk 01:29:12]} {[%emt 00:05:47]} Qxd2 {[%clk 01:46:27]} {[%emt
00:00:16]} 20. Qb3 {[%clk 01:26:45]} {[%emt 00:03:03]} Bxd4 {[%clk 01:46:31]}
{[%emt 00:00:32]} 21. Rb1 {[%clk 01:16:09]} {[%emt 00:11:10]} Qxf2+ {[%clk
01:44:03]} {[%emt 00:03:03]} 22. Kh1 {[%clk 01:16:38]} {[%emt 00:00:06]} Bxb2
{[%clk 01:44:12]} {[%emt 00:00:26]} 23. Qxb7 {[%clk 01:15:42]} {[%emt
00:01:32]} Bc8 {[%clk 01:42:50]} {[%emt 00:01:57]} 24. Qxb2 {[%clk 01:15:49]}
{[%emt 00:00:27]} Qxb2 {[%clk 01:43:20]} {[%emt 00:00:05]} 25. Rxb2 {[%clk
01:16:18]} {[%emt 00:00:07]} fxe4 {[%clk 01:43:51]} {[%emt 00:00:04]} 26. Bxe4
{[%clk 01:16:32]} {[%emt 00:00:20]} d5 {[%clk 01:44:20]} {[%emt 00:00:07]} 27.
Bg2 {[%clk 01:16:53]} {[%emt 00:00:12]} Kf7 {[%clk 01:43:39]} {[%emt 00:01:17]}
28. Bh3 {[%clk 01:15:18]} {[%emt 00:02:10]} Ke7 {[%clk 01:43:00]} {[%emt
00:01:14]} 29. Kg2 {[%clk 01:14:20]} {[%emt 00:01:32]} Ba6 {[%clk 01:42:50]}
{[%emt 00:00:47]} 30. Bg4 {[%clk 01:13:39]} {[%emt 00:01:15]} Kd6 {[%clk
01:41:59]} {[%emt 00:01:26]} 31. Rb3 {[%clk 01:11:31]} {[%emt 00:02:44]} Rc8
{[%clk 01:42:19]} {[%emt 00:00:15]} 32. Kf3 {[%clk 01:11:37]} {[%emt 00:00:28]}
Rc2 {[%clk 01:41:46]} {[%emt 00:01:09]} 33. Ra3 {[%clk 01:11:46]} {[%emt
00:00:26]} Be2+ {[%clk 01:42:14]} {[%emt 00:00:07]}  0-1

[Event "The Irish Championship 2020"]
[Site "Colaiste Eanna, Dublin, Ireland"]
[Date "2020.08.06"]
[Round "6"]
[Board "16"]
[White "McHugh, Kevin"]
[Black "Goss , Alex"]
[Result "1/2-1/2"]
[WhiteElo "2010"]
[BlackElo "1828"]
[PlyCount "0"]
[EventDate "2020.08.01"]
[EventRounds "9"]
[EventCountry "IRL"]

1. e4 {[%clk 02:13:37]} {[%emt 00:02:26]} e6 {[%emt 00:00:24]} 2. d4 {[%clk
02:13:57]} {[%emt 00:00:06]} d5 {[%clk 02:16:45]} {[%emt 00:00:35]} 3. Nd2 a6
{[%emt 00:00:03]} 4. Bd3 {[%clk 02:09:43]} {[%emt 00:05:12]} c5 {[%emt
00:00:29]} 5. dxc5 {[%clk 02:06:43]} {[%emt 00:04:29]} Bxc5 {[%emt 00:00:04]} 6.
Ngf3 {[%clk 02:06:53]} Nf6 {[%emt 00:00:33]} 7. exd5 {[%clk 02:04:35]} {[%emt
00:02:49]} Nxd5 {[%emt 00:05:31]} 8. Ne4 {[%clk 02:01:16]} {[%emt 00:00:48]}
Be7 {[%emt 00:02:03]} 9. O-O {[%clk 02:00:35]} {[%emt 00:01:08]} O-O {[%emt
00:03:32]} 10. Re1 {[%clk 01:57:12]} {[%emt 00:03:52]} Nb4 {[%emt 00:02:54]} 11.
Be2 {[%clk 01:55:23]} {[%emt 00:02:15]} Qc7 {[%emt 00:04:20]} 12. c4 {[%clk
01:50:54]} {[%emt 00:04:46]} Rd8 {[%emt 00:02:46]} 13. Qb3 {[%clk 01:48:50]}
{[%emt 00:01:51]} f5 {[%emt 00:05:53]} 14. Ng3 {[%clk 01:46:33]} {[%emt
00:02:40]} a5 {[%emt 00:02:17]} 15. Bg5 {[%clk 01:44:44]} {[%emt 00:02:14]}
Bxg5 {[%emt 00:08:43]} 16. Nxg5 {[%clk 01:44:51]} {[%emt 00:00:03]} N8a6 {[%emt
00:12:21]} 17. a3 {[%clk 01:22:37]} {[%emt 00:11:28]} Nc5 {[%emt 00:01:38]} 18.
Qc3 {[%clk 01:22:42]} {[%emt 00:00:09]} Na4 {[%emt 00:01:23]} 19. Qb3 {[%clk
01:22:43]} {[%emt 00:00:28]} Nc5 {[%emt 00:00:21]} 20. Qc3 {[%clk 01:23:05]}
{[%emt 00:00:09]}  1/2-1/2

[Event "The Irish Championship 2020"]
[Site "Colaiste Eanna, Dublin, Ireland"]
[Date "2020.08.08"]
[Round "8"]
[Board "2"]
[White "O'Gorman, Tom"]
[Black "Wallace, Paul"]
[Result "1-0"]
[WhiteElo "2345"]
[BlackElo "2168"]
[PlyCount "0"]
[EventDate "2020.08.01"]
[EventRounds "9"]
[EventCountry "IRL"]

1. d4 {[%clk 02:16:07]} {[%emt 00:00:02]} Nf6 {[%clk 02:16:04]} {[%emt
00:00:06]} 2. Nf3 {[%clk 02:16:37]} {[%emt 00:00:06]} d6 {[%clk 02:16:29]}
{[%emt 00:00:09]} 3. g3 {[%clk 02:16:59]} {[%emt 00:00:14]} g6 {[%clk
02:16:55]} {[%emt 00:00:09]} 4. Bg2 {[%clk 02:17:28]} {[%emt 00:00:06]} Bg7
{[%clk 02:17:25]} {[%emt 00:00:04]} 5. O-O {[%clk 02:17:56]} {[%emt 00:00:08]}
O-O {[%clk 02:17:33]} {[%emt 00:00:26]} 6. c4 {[%clk 02:18:27]} {[%emt
00:00:04]} Nc6 {[%clk 02:13:36]} {[%emt 00:04:32]} 7. Nc3 {[%clk 02:18:53]}
{[%emt 00:00:10]} a6 {[%clk 02:13:34]} {[%emt 00:00:36]} 8. b3 {[%clk
02:19:22]} {[%emt 00:00:06]} Bd7 {[%clk 02:12:47]} {[%emt 00:01:21]} 9. Bb2
{[%clk 02:17:23]} {[%emt 00:02:35]} Rb8 {[%clk 02:12:32]} {[%emt 00:00:50]} 10.
Rc1 {[%clk 02:17:17]} {[%emt 00:00:41]} e6 {[%clk 02:04:52]} {[%emt 00:08:15]}
11. e3 {[%clk 02:08:36]} {[%emt 00:09:16]} Re8 {[%clk 02:03:08]} {[%emt
00:02:18]} 12. Qe2 {[%clk 02:01:55]} {[%emt 00:07:17]} Qc8 {[%clk 01:46:58]}
{[%emt 00:16:45]} 13. h3 {[%clk 01:55:35]} {[%emt 00:06:56]} e5 {[%clk
01:39:46]} {[%emt 00:07:45]} 14. dxe5 {[%clk 01:55:20]} {[%emt 00:00:50]} Nxe5
{[%clk 01:40:10]} {[%emt 00:00:11]} 15. Nxe5 {[%clk 01:55:16]} {[%emt
00:00:39]} dxe5 {[%clk 01:40:39]} {[%emt 00:00:06]} 16. Kh2 {[%clk 01:55:22]}
{[%emt 00:00:30]} Be6 {[%clk 01:33:51]} {[%emt 00:07:22]} 17. Rfd1 {[%clk
01:53:12]} {[%emt 00:02:46]} Nd7 {[%clk 01:29:36]} {[%emt 00:04:49]} 18. Ne4
{[%clk 01:44:06]} {[%emt 00:09:42]} h6 {[%clk 01:29:54]} {[%emt 00:00:18]} 19.
c5 {[%clk 01:44:10]} {[%emt 00:00:30]} Nf8 {[%clk 01:22:14]} {[%emt 00:08:15]}
20. c6 {[%clk 01:40:36]} {[%emt 00:04:09]} b6 {[%clk 01:22:37]} {[%emt
00:00:12]} 21. Bf1 {[%clk 01:39:08]} {[%emt 00:02:03]} a5 {[%clk 01:18:02]}
{[%emt 00:05:10]} 22. Qb5 {[%clk 01:29:52]} {[%emt 00:09:51]} f6 {[%clk
01:14:31]} {[%emt 00:04:05]} 23. Ba3 {[%clk 01:20:21]} {[%emt 00:10:06]} Nh7
{[%clk 00:57:40]} {[%emt 00:17:28]} 24. Rd7 {[%clk 01:12:03]} {[%emt 00:08:52]}
f5 {[%clk 00:56:26]} {[%emt 00:01:48]} 25. Bc4 {[%clk 01:10:22]} {[%emt
00:02:17]} Kh8 {[%clk 00:44:29]} {[%emt 00:12:32]} 26. Rxg7 {[%clk 01:02:12]}
{[%emt 00:08:45]} Kxg7 {[%clk 00:35:24]} {[%emt 00:09:41]} 27. Qxe5+ {[%clk
01:01:12]} {[%emt 00:01:34]} Kf7 {[%clk 00:35:37]} {[%emt 00:00:21]} 28. Bb2
{[%clk 01:00:33]} {[%emt 00:01:14]} Rg8 {[%clk 00:33:57]} {[%emt 00:02:15]} 29.
Nf6 {[%clk 00:59:15]} {[%emt 00:01:53]} Ng5 {[%clk 00:10:59]} {[%emt 00:23:33]}
30. Bxe6+ {[%clk 00:59:10]} {[%emt 00:00:40]} Nxe6 {[%clk 00:07:32]} {[%emt
00:04:03]} 31. Nxg8 {[%clk 00:57:30]} {[%emt 00:02:14]} Qxg8 {[%clk 00:07:54]}
{[%emt 00:00:14]} 32. Rd1 {[%clk 00:57:05]} {[%emt 00:01:00]} Rd8 {[%clk
00:07:30]} {[%emt 00:00:59]} 33. Qf6+ {[%clk 00:57:17]} {[%emt 00:00:23]} Ke8
{[%clk 00:07:57]} {[%emt 00:00:07]} 34. Ba3 {[%clk 00:57:29]} {[%emt 00:00:22]}
Qf7 {[%clk 00:07:43]} {[%emt 00:00:50]} 35. Qh8+ {[%clk 00:57:56]} {[%emt
00:00:08]}  1-0